000 00447 a2200157 4500
003 OSt
005 20250604122852.0
008 231108b |||||||| |||| 00| 0 eng d
040 _coclc
082 _a954.83
_bALI/M
100 _aAlikkunji, M
_98866
245 _a1921le malabar kalapam:
_boru padanam /
_cM Alikunhi
260 _aKerala:
_bGrace,
_c2021.
300 _a294p
942 _2ddc
_cBK
_h954.83
_iALI/M
_k954.83
_mALI/M
999 _c42973
_d42973